000 00840nam a22002177a 4500
005 2008090307237.0
008 080903t xxu||||| |||| 00| 0 eng d
010 _aENG-90926
020 _a9788178126128
_c210.00
035 _aEN-74459
037 _bDBAD / PUB
040 _aDPL
_bEnglish
082 _a000
245 _aR.Gupta's popular master guide SSC Data Entry Operator Recruitment exam:
_bas per latest pattern of the examination
260 _aNew Delhi
_bRamesh Publishing House
_c2009
270 _a4457, Nai Sarak,
_bDelhi
_e110006
300 _aVarious pagings
_c25 cm (pbk)
650 _aSSC Data Entry Operator Recruitment exam
942 _2ddc
_cEN
_mRGU
_h000
999 _c15334
_d15334